000 00803cab a22001935a 4500
001 L147751
008 090612e2009 xxkd g 000 0 eng d
035 _a(Sirsi) u147751
041 0 _aeng
100 1 _aLaing, James
245 0 4 _aThe benefits of hindsight
260 _c2009
490 _aFarmland Market
_v71 Spring 2009, 14-15(2)
520 _aTracks the changes in agricultural land prices since 1974. In 1974 the economic crisis and rising food prices prompted a tripling in the cost of agricultural land. The reasons for this are explored, and then compared and contrasted to the current increase in agricultural land prices.
590 _aKA
651 4 _aUnited Kingdom
_y
690 _aPROPERTY-RURAL AND NATURAL ASSETS-AGRICULTURAL PROPERTY-AGRICULTURAL PROPERTY MARKET
942 _n0
999 _c81631
_d81631